Európske spoločenstvo si chráni svoj trh Slovenský export závisí aj od schopnosti prispôsobiť sa normám a záujmom obchodných partnetov
Charakteristika obchodnej politiky ES. Colný sadzobník ES, dohody o colných preferenciách. Dovozné kontingenty. Autolimitačné dohody. Ochranársky efekt antidumpingovej politiky. Ochrana poľnohospodárskeho trhu. Podmienkou spolupráce je súlad s normami ES (technické, ekologické, hygienické a pod.), m...
Saved in:
| Main Author: | |
|---|---|
| Format: | Book Chapter |
| Language: | Slovak |
| Subjects: | |
| Tags: |
No Tags, Be the first to tag this record!
|
MARC
| LEADER | 00000naa a2200000 4500 | ||
|---|---|---|---|
| 001 | r014255 | ||
| 005 | 20221205080556.6 | ||
| 041 | 0 | |a slo | |
| 044 | |a SK | ||
| 245 | 1 | 0 | |a Európske spoločenstvo si chráni svoj trh |b Slovenský export závisí aj od schopnosti prispôsobiť sa normám a záujmom obchodných partnetov |c J. Černá |
| 520 | |a Charakteristika obchodnej politiky ES. Colný sadzobník ES, dohody o colných preferenciách. Dovozné kontingenty. Autolimitačné dohody. Ochranársky efekt antidumpingovej politiky. Ochrana poľnohospodárskeho trhu. Podmienkou spolupráce je súlad s normami ES (technické, ekologické, hygienické a pod.), možnosť ďalčích netarifných prekážok obchodu s krajinami ES. | ||
| 610 | 2 | 0 | |a protekcionizmus |
| 610 | 2 | 0 | |a Európske spoločenstvá |
| 610 | 2 | 0 | |a GATT |
| 610 | 2 | 0 | |a obmedzenia dovozné |
| 610 | 2 | 0 | |a západná Európa |
| 610 | 2 | 0 | |a politika zahraničnoobchodná |
| 610 | 2 | 0 | |a clá |
| 610 | 2 | 0 | |a limity dovozu |
| 610 | 2 | 0 | |a dumping |
| 610 | 2 | 0 | |a poľnohospodárstvo |
| 610 | 2 | 0 | |a vývoz |
| 610 | 2 | 0 | |a dovoz |
| 100 | 1 | |a Černá, J. | |